Egyetem-menedzsment kihívások a szervezetfejlesztést illetően

Egy vezetőnek számos módszer áll rendelkezésére, hogy fejlessze az irányítása alá tartozó szervezetet. Nem mindegy, hogy a szervezet mely elemeit kívánja elsősorban fejleszteni, azonban a beavatkozásoknak vannak tovagyűrűző hatásai. Amikor a felsőoktatási intézmények élén álló vezetők a szervezetfej...

Teljes leírás

Elmentve itt :
Bibliográfiai részletek
Szerző: Király Ágnes
Dokumentumtípus: Könyv része
Megjelent: 2017
Sorozat:Menedzsment innovációk az üzleti és a nonbusiness szférákban
Kulcsszavak:Felsőoktatás, Szervezetfejlesztés, Döntéstudomány, Vezetés - vállalati
Online Access:http://acta.bibl.u-szeged.hu/57700
LEADER 01753naa a2200193 i 4500
001 acta57700
005 20260224081030.0
008 190529s2017 hu o 000 hun d
020 |a 978-963-306-544-0 
040 |a SZTE Egyetemi Kiadványok Repozitórium  |b hun 
041 |a hun 
100 1 |a Király Ágnes 
245 1 0 |a Egyetem-menedzsment kihívások a szervezetfejlesztést illetően  |h [elektronikus dokumentum] /  |c  Király Ágnes 
260 |c 2017 
300 |a 217-230 
490 0 |a Menedzsment innovációk az üzleti és a nonbusiness szférákban 
520 3 |a Egy vezetőnek számos módszer áll rendelkezésére, hogy fejlessze az irányítása alá tartozó szervezetet. Nem mindegy, hogy a szervezet mely elemeit kívánja elsősorban fejleszteni, azonban a beavatkozásoknak vannak tovagyűrűző hatásai. Amikor a felsőoktatási intézmények élén álló vezetők a szervezetfejlesztés módszertanához fordulnak segítségért, nem minden esetben mérlegelik azokat a szervezeti feltételeket, amelyek ennek a módszernek a sikerességéhez szükségesek lennének. Egyrészt, mert nem is tudjuk pontosan, hogy melyek ezek a szervezeti tényezők, amelyek befolyásoló hatással bírnak, másrészt, mert ehhez egy előzetes felmérésre, szervezeti önértékelésre lenne szükség. Tanulmányomban megfogalmazom azokat a kritikus döntési pontokat, amelyekre az egyetem-menedzsmentnek kiemelt figyelmet kell fordítania a szervezetfejlesztési beavatkozások szükségessége és végrehajtása kapcsán. 
695 |a Felsőoktatás, Szervezetfejlesztés, Döntéstudomány, Vezetés - vállalati 
856 4 0 |u http://acta.bibl.u-szeged.hu/57700/1/menedzsment_innovaciok_az_uzleti_es_a_nonbusiness_szferakban_217-230.pdf  |z Dokumentum-elérés